Alfabet Polski - Statystyki

Ogólne statystyki
  • Ten quiz został rozwiązany 95 razy
    79 od ostatniego zresetowania
  • Średni wynik to 34 z 35
Statystyki odpowiedzi
Klawiatura Literka % Poprawnych
Jest na klawiaturze A
100%
Jest na klawiaturze (Alt Gr) Ą
100%
Jest na klawiaturze D
100%
Jest na klawiaturze E
100%
Jest na klawiaturze (Alt Gr) Ę
100%
Jest na klawiaturze F
100%
Jest na klawiaturze G
100%
Jest na klawiaturze H
100%
Jest na klawiaturze I
100%
Jest na klawiaturze B
98%
Jest na klawiaturze J
98%
Jest na klawiaturze K
98%
Jest na klawiaturze L
98%
Jest na klawiaturze (Alt Gr) Ł
98%
Jest na klawiaturze O
98%
Jest na klawiaturze (Alt Gr) Ó
98%
Jest na klawiaturze P
98%
Jest na klawiaturze R
98%
Jest na klawiaturze S
98%
Jest na klawiaturze (Alt Gr) Ś
98%
Jest na klawiaturze T
98%
Jest na klawiaturze C
96%
Jest na klawiaturze (Alt Gr) Ć
96%
Jest na klawiaturze M
96%
Jest na klawiaturze N
96%
Jest na klawiaturze (Alt Gr) Ń
96%
Jest na klawiaturze U
96%
Jest na klawiaturze W
96%
Jest na klawiaturze Y
96%
Jest na klawiaturze Z
95%
Jest na klawiaturze (Alt Gr) Ż
95%
Jest na klawiaturze (Alt Gr + X) Ź
95%
Jest na klawiaturze (Nie w polskim alfabecie) Q
91%
Jest na klawiaturze (Nie w polskim alfabecie) X
91%
Jest na klawiaturze (Nie w polskim alfabecie) V
89%
Nie znaleziono quizów pasujących do podanych kryteriów
Rozkład punktacji
Procent ludzi z każdym wynikiem
Percentyl według liczby udzielonych odpowiedzi
Twoja historia wyników
Nie rozwiązałeś tego quizu od ostatniego zresetowania